00379nam a2200157Ia 4500008004100000020001500041084001300056100001700069245003600086250002000122260001000142260000900152260001500161300001000176500003500186180424s9999 xx 000 0 und d a8177081195 a332.1 U1 a"Uppal, R K" 0aBanking Sector Reforms in India a\\200600ENGGPSX aNCBH  b2006 cNew Delhi  a212p. aincludes index and biblioraphy